[Event "ICS rated blitz match"]
[Site "204.178.125.65"]
[Date "2001.01.06"]
[Round "?"]
[White "Hossa"]
[Black "armenjan"]
[Result "1-0"]
[WhiteElo "2552"]
[BlackElo "2058"]
[PlyCount "55"]
[EventDate "2001.??.??"]

1. e4 e6 2. d4 d5 3. Nc3 Bb4 4. e5 b6 5. a3 Bf8 6. Nf3 Qd7 7. Bd3 Ba6 8. Bxa6
Nxa6 9. Qe2 Nb8 10. O-O h6 11. Bf4 Ne7 12. Be3 Nf5 13. b3 Be7 14. Bc1 Nc6 15.
Rd1 a6 16. Bf4 g5 17. Be3 b5 18. Qd2 Nd8 19. Ne2 Qc6 20. Ne1 a5 21. a4 b4 22.
Nd3 Nb7 23. Ng3 Nxg3 24. fxg3 Qc3 25. Qe2 c5 26. dxc5 Nxc5 27. Nxc5 Bxc5 28.
Qb5+ {armenjan resigns} 1-0

[Event "ICS rated blitz match"]
[Site "204.178.125.65"]
[Date "2001.01.06"]
[Round "?"]
[White "defender3450"]
[Black "Hossa"]
[Result "0-1"]
[WhiteElo "2088"]
[BlackElo "2554"]
[PlyCount "22"]
[EventDate "2001.??.??"]

1. e4 c5 2. Nf3 d6 3. Nc3 Nf6 4. e5 dxe5 5. Nxe5 e6 6. Be2 Bd6 7. f4 Nbd7 8.
O-O Nxe5 9. fxe5 Bxe5 10. Bf3 Qd4+ 11. Kh1 Qh4 {defender3450 resigns} 0-1

[Event "ICS rated blitz match"]
[Site "204.178.125.65"]
[Date "2001.01.06"]
[Round "?"]
[White "Hossa"]
[Black "PostModernist"]
[Result "1-0"]
[WhiteElo "2556"]
[BlackElo "2519"]
[PlyCount "105"]
[EventDate "2001.??.??"]

1. e4 e5 2. Nf3 Nc6 3. Bb5 a6 4. Ba4 d6 5. O-O Nge7 6. c3 Bd7 7. d4 Ng6 8. Bg5
Be7 9. Bxe7 Qxe7 10. d5 Nd8 11. Nbd2 O-O 12. Bxd7 Qxd7 13. Ng5 Nf4 14. Nc4 f6
15. Nf3 Qg4 16. Ne3 Qg6 17. g3 Nf7 18. Kh1 Nh3 19. Nf5 Qg4 20. Nd2 Qxd1 21.
Raxd1 g6 22. Ne3 Rfe8 23. Kg2 Nfg5 24. Rde1 f5 25. exf5 e4 26. Ng4 Kg7 27. f6+
Kf7 28. f4 exf3+ 29. Nxf3 Nxf3 30. Rxe8 Rxe8 31. Kxh3 Nd2 32. Rf2 Ne4 33. Rf4
g5 34. Nh6+ Kg6 35. f7 Rf8 36. Rxe4 Kxh6 37. Re7 Kg6 38. Rxc7 Rxf7 39. Rxf7
Kxf7 40. Kg4 Kg6 41. a4 b5 42. axb5 axb5 43. b3 h6 44. c4 bxc4 45. bxc4 h5+ 46.
Kf3 Kf5 47. h4 gxh4 48. gxh4 Ke5 49. Ke3 Kf6 50. Kd4 Ke7 51. c5 dxc5+ 52. Kxc5
Kd7 53. Kd4 {PostModernist resigns} 1-0

[Event "ICS rated blitz match"]
[Site "204.178.125.65"]
[Date "2001.01.06"]
[Round "?"]
[White "Hossa"]
[Black "baresi"]
[Result "1-0"]
[WhiteElo "2570"]
[BlackElo "2171"]
[PlyCount "56"]
[EventDate "2001.??.??"]

1. e4 c5 2. Nf3 e6 3. d4 cxd4 4. Nxd4 a6 5. c4 Qc7 6. Nc3 d6 7. Bd3 Nf6 8. O-O
Be7 9. Be3 b6 10. f3 Bb7 11. Qd2 Nbd7 12. b3 Rd8 13. a3 h5 14. Bg5 h4 15. Rfd1
h3 16. g4 Ne5 17. Bf1 Qc5 18. Be2 Nc6 19. Be3 Nxd4 20. Bxd4 Qc6 21. Qe3 Rb8 22.
Bxb6 Ba8 23. Na4 d5 24. cxd5 exd5 25. g5 Nd7 26. exd5 Qg6 27. Bc7 Rxb3 28. Qxb3
Qxg5+ {baresi resigns} 1-0

[Event "ICS rated blitz match"]
[Site "204.178.125.65"]
[Date "2001.01.06"]
[Round "?"]
[White "Amateur"]
[Black "Hossa"]
[Result "0-1"]
[WhiteElo "2548"]
[BlackElo "2573"]
[PlyCount "122"]
[EventDate "2001.??.??"]

1. d4 f5 2. g3 e6 3. Bg2 Nf6 4. Nh3 Be7 5. O-O O-O 6. Nc3 Nc6 7. Bf4 Nh5 8. Be3
Nf6 9. Qd2 Bb4 10. Qd3 Be7 11. a3 Ng4 12. Bf4 g5 13. Bd2 Bf6 14. e3 d6 15. Ne2
Kh8 16. Qb3 a5 17. a4 Qe8 18. Nc3 b6 19. d5 Nb4 20. Nb5 Na6 21. f3 Ne5 22. f4
g4 23. fxe5 gxh3 24. exf6 hxg2 25. Kxg2 Bb7 26. Bc3 Rf7 27. e4 exd5 28. Rf4
fxe4 29. Bd4 Qd7 30. Re1 Raf8 31. Ref1 c5 32. Bg1 d4 33. Kf2 Nb4 34. Ke2 Nxc2
35. Rf5 d3+ 36. Kd2 d5 37. Be3 Qe6 38. Bh6 e3+ 39. Kc1 e2 40. Bg7+ Kg8 41. Qxd3
Nb4 42. Qd2 exf1=Q+ 43. Rxf1 Rxg7 44. Qh6 Rg6 45. Qd2 Rgxf6 46. Rd1 Qg4 47. h4
Qg6 48. Nc3 d4 49. Qg5 dxc3 50. bxc3 Qxg5+ 51. hxg5 Na2+ 52. Kb1 Nxc3+ 53. Kc2
Rf3 54. Rd2 Be4+ 55. Kc1 Rxg3 56. Kb2 Nxa4+ 57. Kc1 Rf1+ 58. Rd1 Rg2 59. Rxf1
Rc2+ 60. Kd1 Nc3+ 61. Ke1 Re2# {Amateur checkmated} 0-1

[Event "ICS rated blitz match"]
[Site "204.178.125.65"]
[Date "2001.01.06"]
[Round "?"]
[White "Hossa"]
[Black "QueenMaxima"]
[Result "0-1"]
[WhiteElo "2592"]
[BlackElo "2532"]
[PlyCount "138"]
[EventDate "2001.??.??"]

1. e4 c5 2. Nc3 Nc6 3. g3 g6 4. Bg2 Bg7 5. d3 d6 6. Bg5 Rb8 7. Nf3 h6 8. Be3
Qa5 9. Bd2 Qb6 10. Qc1 Nf6 11. O-O Be6 12. Bf4 Nh5 13. Be3 Nd4 14. Bxd4 cxd4
15. Nd5 Qc6 16. Nd2 Rc8 17. Nc4 b5 18. Na3 Qb7 19. Qd2 O-O 20. Rfe1 Rc5 21. Nb4
a5 22. Nd5 Bxd5 23. exd5 Nf6 24. h4 Ra8 25. Qe2 Re8 26. Qd2 a4 27. Bf3 Nxd5 28.
h5 gxh5 29. Qf4 e5 30. Qh4 Rec8 31. Qxh5 Qe7 32. Bxd5 Rxd5 33. Rac1 Rdc5 34. b4
axb3 35. axb3 d5 36. b4 R5c6 37. Nxb5 Qb7 38. c4 dxc3 39. Na3 c2 40. b5 Rc3 41.
Nxc2 Rxc2 42. Rb1 Qb6 43. Qf5 R8c3 44. Ra1 Qg6 45. Qd7 Rxd3 46. Qd8+ Kh7 47.
Qh4 Qb6 48. Rf1 Rdd2 49. Ra6 Qxb5 50. Ra4 e4 51. Ra7 Rxf2 52. Rxf2 Qb1+ 53. Kg2
Rxf2+ 54. Kxf2 Bd4+ 55. Kg2 Qg1+ 56. Kh3 Qh1+ 57. Kg4 Qxh4+ 58. gxh4 Bxa7 59.
Kf4 Bf2 60. h5 Kh8 61. Kg4 d4 62. Kf5 e3 63. Ke4 e2 64. Kd3 e1=Q 65. Kc4 Qc3+
66. Kd5 d3 67. Ke4 d2 68. Kf5 d1=Q 69. Ke4 Qdf3# {Hossa checkmated} 0-1

[Event "ICS rated blitz match"]
[Site "204.178.125.65"]
[Date "2001.01.06"]
[Round "?"]
[White "WinChesser"]
[Black "Hossa"]
[Result "0-1"]
[WhiteElo "2278"]
[BlackElo "2573"]
[PlyCount "88"]
[EventDate "2001.??.??"]

1. d4 f5 2. Nf3 e6 3. Bf4 d5 4. e3 Bd6 5. Bg3 Bxg3 6. hxg3 Nd7 7. c4 Ne7 8. Nc3
dxc4 9. Bxc4 Nb6 10. Bb3 Nc6 11. Qe2 Bd7 12. Rc1 O-O 13. Nd2 g6 14. O-O Qg5 15.
Nf3 Qh5 16. Nb5 Rac8 17. a4 g5 18. Rc2 a6 19. Na3 g4 20. Nh4 Na5 21. Qd3 Rf6
22. Nc4 Naxc4 23. Bxc4 Bxa4 24. Rc3 Nxc4 25. Qxc4 Bb5 26. Qb4 Bxf1 27. Qxb7 Qe8
28. Kxf1 Qb5+ 29. Qxb5 axb5 30. Rc6 Kf7 31. Ke2 Ke7 32. Rc5 c6 33. Kd3 Rff8 34.
Kc3 Rg8 35. Kb4 Kd6 36. Re5 Ra8 37. e4 fxe4 38. Rxe4 Rg5 39. Kb3 Kd5 40. f3 Ra4
41. Rf4 Rxd4 42. Rf7 Rh5 43. Rd7+ Kc5 44. Kc3 b4+ {WinChesser resigns} 0-1

[Event "ICS rated blitz match"]
[Site "204.178.125.65"]
[Date "2001.01.06"]
[Round "?"]
[White "Hossa"]
[Black "WinChesser"]
[Result "1-0"]
[WhiteElo "2578"]
[BlackElo "2273"]
[PlyCount "59"]
[EventDate "2001.??.??"]

1. e4 Nf6 2. e5 Nd5 3. d4 d6 4. Nf3 g6 5. Bc4 Nb6 6. Bb3 Bg7 7. Qe2 Nc6 8. O-O
dxe5 9. dxe5 Nd4 10. Nxd4 Qxd4 11. Re1 Bg4 12. Qe3 Qxe3 13. Rxe3 O-O-O 14. Nc3
f6 15. Rg3 Bf5 16. e6 Rd6 17. Bf4 Rc6 18. Nb5 Rc5 19. a4 a6 20. Be3 Re5 21. Nd4
Be4 22. a5 Nd5 23. Bd2 g5 24. f4 gxf4 25. Rxg7 f3 26. gxf3 Bg6 27. c4 Ne3 28.
Rxe7 Rg5+ 29. Kf2 Nf5 30. Bxg5 {WinChesser resigns} 1-0

[Event "ICS rated blitz match"]
[Site "204.178.125.65"]
[Date "2001.01.06"]
[Round "?"]
[White "mharket"]
[Black "Hossa"]
[Result "1-0"]
[WhiteElo "2856"]
[BlackElo "2583"]
[PlyCount "115"]
[EventDate "2001.??.??"]

1. d4 Nf6 2. c4 e6 3. Nc3 Bb4 4. Qc2 O-O 5. a3 Bxc3+ 6. Qxc3 b6 7. Bg5 Bb7 8.
f3 h6 9. Bh4 d5 10. e3 Nbd7 11. cxd5 Nxd5 12. Bxd8 Nxc3 13. Bh4 Nd5 14. Bf2 c5
15. Bb5 N7f6 16. dxc5 bxc5 17. e4 Nc7 18. Ba4 Na6 19. O-O-O Rab8 20. Ne2 Rfc8
21. Nc3 Nh5 22. Bb5 Ra8 23. Rd6 Nc7 24. Bd7 Rd8 25. Bxc5 Na6 26. Be3 Nc7 27.
Rhd1 Rdb8 28. Na4 Ne8 29. R6d2 Nhf6 30. Rc2 Nxd7 31. Rxd7 g5 32. h4 f6 33. Re7
e5 34. b4 gxh4 35. Bxh6 Ba6 36. Nc5 Bb5 37. Be3 Nd6 38. a4 Be8 39. Nd7 Bxd7 40.
Rxd7 Ne8 41. b5 a5 42. b6 Ra6 43. b7 h3 44. gxh3 Rd6 45. Rg2+ Kh8 46. Rd2 Ra6
47. Rc2 Nd6 48. Rcc7 Nxb7 49. Rh7+ Kg8 50. Rcg7+ Kf8 51. Rg6 Rc6+ 52. Kd1 Rd8+
53. Ke1 Rd7 54. Bh6+ Rg7 55. Rgxg7 Rc1+ 56. Kd2 Rc2+ 57. Kxc2 Nc5 58. Rh8# {
Hossa checkmated} 1-0

[Event "ICS rated blitz match"]
[Site "204.178.125.65"]
[Date "2001.01.06"]
[Round "?"]
[White "Hossa"]
[Black "Tinker"]
[Result "1/2-1/2"]
[WhiteElo "2577"]
[BlackElo "2485"]
[PlyCount "60"]
[EventDate "2001.??.??"]

1. e4 c5 2. Nf3 Nc6 3. d4 cxd4 4. Nxd4 Nf6 5. Nc3 d6 6. Bb5 Bd7 7. O-O g6 8. f4
Qb6 9. Be3 a6 10. Na4 Qa5 11. Bxc6 Bxc6 12. Nxc6 Qxa4 13. e5 Nd7 14. Nd4 dxe5
15. fxe5 Nxe5 16. Nb3 Bg7 17. Rf4 Qc6 18. Qe2 O-O 19. Raf1 a5 20. Bd4 f6 21.
Bxe5 fxe5 22. Rxf8+ Rxf8 23. Rxf8+ Bxf8 24. Qxe5 Qxc2 25. Nxa5 Bg7 26. Qd5+ Kf8
27. Qd8+ Kf7 28. Qd5+ Kf8 29. Qd8+ Kf7 30. Qd5+ Kf8 {Game drawn by repetition}
1/2-1/2

[Event "ICS rated blitz match"]
[Site "204.178.125.65"]
[Date "2001.01.06"]
[Round "?"]
[White "Tinker"]
[Black "Hossa"]
[Result "1-0"]
[WhiteElo "2489"]
[BlackElo "2573"]
[PlyCount "57"]
[EventDate "2001.??.??"]

1. e4 c5 2. Nf3 d6 3. Bb5+ Bd7 4. Bxd7+ Qxd7 5. O-O Nf6 6. e5 dxe5 7. Nxe5 Qc7
8. d4 cxd4 9. Qxd4 Qxc2 10. Nc3 e6 11. Rd1 Nc6 12. Nxc6 bxc6 13. Qc4 Rc8 14.
Qa6 Rd8 15. Qxc6+ Nd7 16. Bg5 f6 17. Qxe6+ Be7 18. Re1 Ne5 19. Rxe5 Rd7 20. Rd5
Rc7 21. Rb5 Qd3 22. Rb8+ Qd8 23. Rxd8+ Kxd8 24. Rd1+ Ke8 25. Nd5 Rb7 26. Rc1
Rc7 27. Rxc7 Kf8 28. Qxe7+ Kg8 29. Qxg7# {Hossa checkmated} 1-0

[Event "ICS rated blitz match"]
[Site "204.178.125.65"]
[Date "2001.01.06"]
[Round "?"]
[White "Hossa"]
[Black "ChesterX"]
[Result "1/2-1/2"]
[WhiteElo "2553"]
[BlackElo "2579"]
[PlyCount "107"]
[EventDate "2001.??.??"]

1. e4 d5 2. exd5 Nf6 3. d4 Bg4 4. Nf3 Nxd5 5. Be2 Nc6 6. O-O e6 7. Nc3 Nxc3 8.
bxc3 Be7 9. Rb1 Rb8 10. h3 Bf5 11. Bf4 O-O 12. Bb5 Be4 13. Nd2 Bf5 14. Nc4 a6
15. Bxc6 bxc6 16. Ne3 Rxb1 17. Qxb1 c5 18. Nxf5 exf5 19. dxc5 Bxc5 20. Qb7 Bd6
21. Rd1 Qa8 22. Qxa8 Rxa8 23. Bxd6 Rd8 24. Rb1 cxd6 25. Rb6 a5 26. Ra6 g6 27.
Rxa5 Rb8 28. c4 Rb4 29. c5 dxc5 30. Rxc5 Rb1+ 31. Kh2 Ra1 32. Kg3 Rxa2 33. Rc8+
Kg7 34. Rc6 h5 35. f4 f6 36. Kf3 Ra3+ 37. c3 Kf7 38. g3 Ke7 39. Ke3 Kd7 40. Rc4
Ra1 41. h4 Rc1 42. Kf2 Kd6 43. Rc8 Rc2+ 44. Kf1 Kd5 45. Rg8 Ke4 46. Rxg6 Rxc3
47. Kg2 Rc2+ 48. Kh3 Kf3 49. Rxf6 Rc1 50. Kh2 Rc2+ 51. Kh3 Rc1 52. Kh2 Rc2+ 53.
Kh3 Rc1 54. Kh2 {Game drawn by repetition} 1/2-1/2

[Event "ICS rated standard match"]
[Site "204.178.125.65"]
[Date "2001.01.06"]
[Round "?"]
[White "Hossa"]
[Black "Valg"]
[Result "0-1"]
[WhiteElo "2274"]
[BlackElo "2515"]
[PlyCount "114"]
[EventDate "2001.??.??"]

1. e4 e5 2. Nc3 Nf6 3. Nf3 Nc6 4. d4 exd4 5. Nxd4 Bb4 6. Nxc6 bxc6 7. Bg5 Qe7
8. Bd3 h6 9. Bxf6 Qxf6 10. O-O Bxc3 11. bxc3 Qxc3 12. Rb1 O-O 13. Qh5 d6 14.
Rb3 Qf6 15. Qa5 Qg5 16. Qxg5 hxg5 17. Rfb1 g4 18. Rb8 Be6 19. Rxa8 Rxa8 20. Rb7
Bxa2 21. Rxc7 c5 22. Rd7 Be6 23. Rxd6 a5 24. Bb5 a4 25. Rd1 a3 26. Ra1 a2 27.
c4 Rd8 28. h4 Rd2 29. g3 f6 30. Ba6 Rb2 31. Kg2 Bd7 32. Bb7 Rxb7 33. Rxa2 Rb4
34. Ra8+ Kf7 35. Ra7 Ke7 36. f4 Rxc4 37. e5 fxe5 38. fxe5 Re4 39. Rb7 Rxe5 40.
Rb6 c4 41. Ra6 c3 42. Ra2 Rb5 43. Re2+ Kd6 44. Kf2 Rb2 45. Ke3 c2 46. Re1 Rb1
47. Kd2 Rxe1 48. Kxc2 Rg1 49. Kd2 Rxg3 50. h5 Rg2+ 51. Kd3 Ke5 52. Kc4 Rf2 53.
Kb4 g3 54. Ka5 Rb2 55. Ka6 g2 56. Ka7 g1=Q+ 57. Ka6 Qa1# {Hossa checkmated} 0-1

[Event "ICS rated standard match"]
[Site "204.178.125.65"]
[Date "2001.01.06"]
[Round "?"]
[White "Valg"]
[Black "Hossa"]
[Result "0-1"]
[WhiteElo "2521"]
[BlackElo "2268"]
[PlyCount "159"]
[EventDate "2001.??.??"]

1. e4 c5 2. Nf3 Nc6 3. d4 cxd4 4. Nxd4 Nf6 5. Nc3 d6 6. Bg5 e6 7. Qd2 a6 8.
O-O-O Qb6 9. Nb3 Be7 10. f3 O-O 11. h4 Rd8 12. h5 d5 13. Bxf6 Bxf6 14. exd5 a5
15. Na4 Qa7 16. Qe1 Nb4 17. d6 Bd7 18. Nbc5 Bc6 19. a3 Nd5 20. Bc4 b5 21. Nxe6
bxc4 22. Nxd8 Rxd8 23. Qe4 Bg5+ 24. Kb1 Nc3+ 25. Nxc3 Bxe4 26. Nxe4 h6 27. Rhe1
Qb6 28. Nxg5 hxg5 29. d7 Kf8 30. Re5 Rb8 31. b3 cxb3 32. c4 Qc7 33. Red5 Rd8
34. R1d4 a4 35. Kb2 Qg3 36. Rd2 g4 37. fxg4 Qxg4 38. c5 Qe6 39. R2d4 Ke7 40.
Kc3 f5 41. Kb2 Qf6 42. Rd6 Qe5 43. R6d5 Qe2+ 44. Rd2 Qb5 45. Re5+ Kf6 46. Red5
Kg5 47. Kb1 Qc6 48. Kb2 Qf6+ 49. R2d4 Qe6 50. Kb1 Qe2 51. Rd2 Qe4+ 52. Kb2 Qe6
53. R2d4 Qe2+ 54. Rd2 Qc4 55. Kb1 Qc3 56. h6 gxh6 57. Rd6 Qxc5 58. Kb2 Qe5+ 59.
R2d4 h5 60. R6d5 Qe2+ 61. Rd2 Qe6 62. Rd6 Qe1 63. R2d4 h4 64. R4d5 Qe2+ 65. Rd2
Qe5+ 66. Kb1 Kg4 67. Rg6+ Kf4 68. Rgd6 Qe4+ 69. Kb2 Ke5 70. R6d3 Kf6 71. Rd6+
Ke7 72. R6d5 Qe6 73. Kc3 Qf6+ 74. Kd3 b2 75. Rd1 Qc6 76. Re1+ Kf7 77. Rd4 Qxg2
78. Rb1 Qf3+ 79. Kd2 Qxa3 80. Ke2 {Valg resigns} 0-1

[Event "ICS rated blitz match"]
[Site "204.178.125.65"]
[Date "2001.01.06"]
[Round "?"]
[White "chess5454"]
[Black "Hossa"]
[Result "0-1"]
[WhiteElo "2063"]
[BlackElo "2554"]
[PlyCount "34"]
[EventDate "2001.??.??"]

1. c4 e5 2. e4 Nf6 3. Nc3 Bc5 4. g3 d6 5. h3 O-O 6. Bg2 Be6 7. d3 Nc6 8. Nge2
Nd7 9. O-O f5 10. Kh2 fxe4 11. Nxe4 Qe8 12. Ng5 Bf5 13. a3 h6 14. Ne4 Bxe4 15.
Bxe4 Rxf2+ 16. Rxf2 Bxf2 17. Kg2 Bb6 {chess5454 resigns} 0-1

[Event "ICS rated blitz match"]
[Site "204.178.125.65"]
[Date "2001.01.06"]
[Round "?"]
[White "Hossa"]
[Black "keZZap"]
[Result "1-0"]
[WhiteElo "2556"]
[BlackElo "2102"]
[PlyCount "71"]
[EventDate "2001.??.??"]

1. e4 c5 2. Nf3 Nc6 3. d4 cxd4 4. Nxd4 Qc7 5. Nb5 Qb8 6. Bd3 a6 7. N5c3 b5 8.
Be3 e6 9. Nd2 Bb7 10. Nf3 Bd6 11. a4 b4 12. Ne2 Nge7 13. Rb1 Ng6 14. g3 O-O 15.
O-O Ra7 16. Bxa7 Nxa7 17. Ned4 Ne5 18. Nxe5 Bxe5 19. Nb3 d5 20. exd5 Bxd5 21.
Re1 Nc6 22. Nc5 Rd8 23. Nxa6 Qa8 24. Qh5 g6 25. Qg5 f6 26. Qh6 Nd4 27. Rec1 Bh1
28. Qh3 Qf3 29. Bc4 Kg7 30. Nxb4 Nf5 31. Bxe6 Rd2 32. Bd5 Qxf2+ 33. Kxh1 Nxg3+
34. hxg3 Bxg3 35. Rf1 Qe2 36. Qxg3 {keZZap resigns} 1-0

[Event "ICS rated blitz match"]
[Site "204.178.125.65"]
[Date "2001.01.06"]
[Round "?"]
[White "keZZap"]
[Black "Hossa"]
[Result "0-1"]
[WhiteElo "2100"]
[BlackElo "2558"]
[PlyCount "36"]
[EventDate "2001.??.??"]

1. e4 c5 2. Nf3 Nc6 3. d4 cxd4 4. Nxd4 Nf6 5. Nc3 d6 6. Be3 Ng4 7. Bg5 h6 8.
Bh4 a6 9. Nxc6 bxc6 10. Qd2 Nf6 11. Be2 e5 12. O-O Be7 13. Rad1 Be6 14. f4 exf4
15. Qxf4 g5 16. Bxg5 hxg5 17. Qxg5 Qb6+ 18. Kh1 Ng4 {keZZap resigns} 0-1

[Event "ICS rated standard match"]
[Site "204.178.125.65"]
[Date "2001.01.06"]
[Round "?"]
[White "BrazilianMaster"]
[Black "Hossa"]
[Result "1/2-1/2"]
[WhiteElo "2616"]
[BlackElo "2294"]
[PlyCount "221"]
[EventDate "2001.??.??"]

1. d4 f5 2. Bg5 g6 3. Nc3 Bg7 4. e4 fxe4 5. Nxe4 d5 6. Ng3 Nf6 7. Qe2 O-O 8.
O-O-O h6 9. Bd2 Nc6 10. Nf3 a5 11. Bc3 Bg4 12. Re1 Qd7 13. a3 Nh7 14. Qe3 Bxf3
15. gxf3 Qd6 16. h4 Qf4 17. Ne2 Qxf3 18. Qxf3 Rxf3 19. Bg2 Rxf2 20. Bxd5+ Kh8
21. Rhg1 Nf8 22. Be4 Bf6 23. Bd2 Nxd4 24. Nxd4 Rxd2 25. Kxd2 Bxd4 26. Rg4 Bxb2
27. Bxb7 Rd8+ 28. Ke2 Bxa3 29. Ra1 Bb4 30. Rc4 Ne6 31. c3 Bd6 32. Rxa5 Nf4+ 33.
Kf3 e5 34. Rca4 Kg7 35. Ra8 Rxa8 36. Rxa8 Be7 37. Ra5 Kf6 38. Bc8 Bd6 39. Ra1
Nd5 40. Rc1 Ba3 41. Rc2 Be7 42. Ke4 Nf4 43. c4 Bc5 44. Ra2 Bd4 45. Ra6+ Ke7 46.
Rc6 Kd8 47. Bg4 h5 48. Bd1 Bc3 49. Ba4 Bd4 50. Bb5 Bb2 51. c5 Bc3 52. Ba4 Bd4
53. Bc2 Kd7 54. Ra6 Ne6 55. Kf3 Bxc5 56. Bxg6 Nf4 57. Bf5+ Ke7 58. Rh6 Bd6 59.
Bb1 Kf7 60. Rh7+ Ke6 61. Ke4 Kf6 62. Bc2 Ne2 63. Bd3 Nf4 64. Bb1 Ke6 65. Ba2+
Kf6 66. Rf7+ Kg6 67. Rf5 Kg7 68. Rg5+ Kh6 69. Bf7 Ne2 70. Rg6+ Kh7 71. Rg2 Nf4
72. Rg5 Kh6 73. Be8 Kh7 74. Rf5 Kg7 75. Kf3 Kh6 76. Rf6+ Kg7 77. Rf7+ Kh8 78.
Rf5 c5 79. Bxh5 c4 80. Ke4 Nxh5 81. Rxh5+ Kg7 82. Rg5+ Kh6 83. Rg8 c3 84. Rh8+
Kg6 85. h5+ Kg5 86. Rc8 Kxh5 87. Kf5 Kh4 88. Rxc3 e4 89. Rc4 Kg3 90. Kxe4 Kh3
91. Kf3 Kh2 92. Rh4+ Kg1 93. Rg4+ Kh1 94. Rd4 Be5 95. Rd5 Bh2 96. Rd1+ Bg1 97.
Rb1 Kh2 98. Rb2+ Kh1 99. Kg3 Bd4 100. Rb1+ Bg1 101. Rb5 Bh2+ 102. Kh3 Bg1 103.
Rb7 Bf2 104. Rb4 Bc5 105. Rb1+ Bg1 106. Rb3 Bd4 107. Rd3 Bf2 108. Rd7 Be3 109.
Kg3 Bc5 110. Rd1+ Bg1 111. Rc1 {Hossa stalemated} 1/2-1/2

[Event "ICS rated blitz match"]
[Site "204.178.125.65"]
[Date "2001.01.06"]
[Round "?"]
[White "PostModernist"]
[Black "Hossa"]
[Result "0-1"]
[WhiteElo "2500"]
[BlackElo "2560"]
[PlyCount "92"]
[EventDate "2001.??.??"]

1. d4 f5 2. g3 e6 3. Nf3 d5 4. Bg2 Bd6 5. O-O Nf6 6. c4 dxc4 7. Qa4+ Bd7 8.
Qxc4 b5 9. Qd3 Bc6 10. Ng5 Bxg2 11. Kxg2 Qd7 12. Qf3 c6 13. Nc3 h6 14. Nh3 g5
15. Qe3 O-O 16. Kh1 Rd8 17. f4 g4 18. Nf2 c5 19. Kg1 c4 20. a3 Bc7 21. a4 b4
22. Nb5 Ba5 23. Qe5 Nd5 24. Nxg4 fxg4 25. f5 exf5 26. Rxf5 Qe7 27. Bxh6 Qxe5
28. dxe5 Bb6+ 29. Kh1 Nc6 30. Bg5 Rf8 31. Bf6 Ne3 32. Rh5 Bd4 33. Rb1 c3 34.
Nd6 Rxf6 35. exf6 c2 36. f7+ Kf8 37. Rc1 Bxb2 38. Rg5 Ne7 39. Rxc2 Nxc2 40.
Rxg4 b3 41. h3 Bc3 42. Ne4 Be1 43. Rh4 b2 44. Rh8+ Kxf7 45. Rxa8 b1=Q 46. Ng5+
Kf6 {PostModernist resigns} 0-1

[Event "ICS rated blitz match"]
[Site "204.178.125.65"]
[Date "2001.01.06"]
[Round "?"]
[White "Hossa"]
[Black "PostModernist"]
[Result "0-1"]
[WhiteElo "2573"]
[BlackElo "2487"]
[PlyCount "210"]
[EventDate "2001.??.??"]

1. e4 c5 2. Nf3 Nc6 3. d4 cxd4 4. Nxd4 e6 5. Be2 Nf6 6. Nxc6 bxc6 7. Nc3 Bb4 8.
Bd2 d5 9. O-O Bxc3 10. Bxc3 dxe4 11. Qxd8+ Kxd8 12. Rfd1+ Ke7 13. g4 h6 14.
Bb4+ Ke8 15. Bd6 Bb7 16. Rd4 Rd8 17. Rad1 a6 18. Rb4 Bc8 19. Ra4 g6 20. Bxa6
Bxa6 21. Rxa6 Nxg4 22. Rxc6 e3 23. fxe3 Nxe3 24. Rd3 Nf5 25. Be5 Rf8 26. a4
Rxd3 27. cxd3 Kd8 28. Rb6 Kd7 29. b4 Rc8 30. Rb7+ Ke8 31. Rb8 Rxb8 32. Bxb8 Kd7
33. a5 Nd4 34. a6 Kc6 35. Ba7 Nb5 36. Be3 h5 37. Kf2 Nc7 38. b5+ Nxb5 39. Kf3
Nc7 40. a7 Kb7 41. Ke4 f6 42. Bd4 e5 43. Bc5 Ka8 44. Be7 Ne8 45. Kd5 Kxa7 46.
Kc6 g5 47. Kd7 Ng7 48. Bxf6 Nf5 49. Bxg5 Kb6 50. Bf6 Kc5 51. Ke6 Nd4+ 52. Kxe5
Nf3+ 53. Ke6 Nd4+ 54. Kf7 Nf3 55. h3 Ng1 56. h4 Nf3 57. Ke6 Nxh4 58. Ke5 Ng2
59. d4+ Kb5 60. Ke4 Kb6 61. d5 Kc7 62. Be7 h4 63. Bf6 h3 64. Be5+ Kd7 65. Bh2
Ne1 66. Bg3 Nc2 67. Be5 Nb4 68. d6 Nc2 69. Bh2 Nb4 70. Ke5 Nd3+ 71. Kf5 Nf2 72.
Bf4 Nd3 73. Bg3 Nf2 74. Bh2 Nd3 75. Kg4 Nf2+ 76. Kf3 Nd3 77. Ke3 Ne1 78. Ke4
Nc2 79. Kd3 Ne1+ 80. Ke3 Nc2+ 81. Kf3 Na3 82. Ke2 Nc4 83. Kd3 Nxd6 84. Kc3 Ke6
85. Kb4 Nf7 86. Kb3 Kd5 87. Kc3 Ke4 88. Kd2 Kf3 89. Ke1 Kg2 90. Bf4 Nh6 91. Kd2
Nf5 92. Kc3 Ng3 93. Be5 h2 94. Kc4 h1=Q 95. Kd5 Qd1+ 96. Ke6 Qd8 97. Bd6 Ne4
98. Be7 Qe8 99. Ke5 Qxe7+ 100. Kd5 Qd6+ 101. Kc4 Qc5+ 102. Kb3 Nd2+ 103. Kb2
Kf3 104. Ka2 Qb6 105. Ka3 Qb3# {Hossa checkmated} 0-1

[Event "ICS Rated standard match"]
[Site "204.178.125.65"]
[Date "2001.01.06"]
[Round "?"]
[White "Hossa"]
[Black "Valg"]
[Result "1-0"]
[WhiteElo "2306"]
[BlackElo "2495"]
[PlyCount "169"]
[EventDate "2001.??.??"]

1. d4 Nf6 2. c4 e6 3. Nc3 Bb4 4. e3 O-O 5. Bd3 d5 6. cxd5 exd5 7. Nge2 Re8 8.
Bd2 c5 9. a3 cxd4 10. axb4 dxc3 11. Bxc3 Ne4 12. O-O Nc6 13. Nf4 d4 14. exd4
Qd6 15. Nh5 Nxb4 16. Qa4 Nc6 17. Nxg7 Re7 18. Nh5 Nxc3 19. bxc3 Bg4 20. Qb5 Qh6
21. Ng3 a6 22. Nf5 Bxf5 23. Qxf5 Rae8 24. Rfb1 Nd8 25. d5 Re5 26. Qf3 Qh5 27.
Qxh5 Rxh5 28. c4 Kg7 29. Rb6 Rh4 30. g3 Rd4 31. Rd1 Re7 32. Kf1 h6 33. Kg2 Rc7
34. Rbb1 Re7 35. f4 h5 36. Kf3 f6 37. Rb6 Rc7 38. Ke2 Re7+ 39. Kf2 h4 40. Rd2
a5 41. Re2 Rd7 42. Ke3 Nc6 43. gxh4 Kf8 44. Rxb7 Rxb7 45. dxc6 Rxd3+ 46. Kxd3
Rc7 47. Ra2 Rxc6 48. Rxa5 Re6 49. Rb5 Kg7 50. f5 Rd6+ 51. Rd5 Ra6 52. Ke3 Kh6
53. Kf4 Ra4 54. Rc5 Ra2 55. Kg3 Rd2 56. Rc6 Rd3+ 57. Kf2 Kg7 58. Rc7+ Kh6 59.
Rf7 Rd6 60. c5 Rc6 61. Kg3 Rxc5 62. Rxf6+ Kh5 63. Rf8 Rc3+ 64. Kf4 Rc4+ 65. Ke5
Rc5+ 66. Kd6 Rb5 67. Rh8+ Kg4 68. f6 Rb6+ 69. Ke7 Kf5 70. f7 Rb7+ 71. Kf8 Kg6
72. h5+ Kf6 73. Rh6+ Kg5 74. Rg6+ Kxh5 75. Rg1 Kh4 76. Kg8 Rb8+ 77. f8=Q Rxf8+
78. Kxf8 Kh3 79. Rg5 Kxh2 80. Kg7 Kh1 81. Kf6 Kh2 82. Ke5 Kh1 83. Kf4 Kh2 84.
Kf3 Kh1 85. Kf2 {Valg resigns} 1-0

[Event "ICS rated blitz match"]
[Site "204.178.125.65"]
[Date "2001.01.06"]
[Round "?"]
[White "Hossa"]
[Black "LeTiger"]
[Result "0-1"]
[WhiteElo "2580"]
[BlackElo "2881"]
[PlyCount "74"]
[EventDate "2001.??.??"]

1. e4 c5 2. c3 Nf6 3. e5 Nd5 4. d4 cxd4 5. Nf3 Nc6 6. Bc4 Nb6 7. Bb3 d6 8. exd6
Qxd6 9. Na3 dxc3 10. Nb5 Qxd1+ 11. Kxd1 Kd8 12. Bxf7 cxb2 13. Bxb2 Bg4 14. Ke1
e6 15. Ng5 Na4 16. Bxe6 Bb4+ 17. Kf1 Bxe6 18. Nxe6+ Kd7 19. Bxg7 Kxe6 20. Bxh8
Rxh8 21. Rb1 Rd8 22. g3 Ba5 23. Na3 Nb6 24. Kg2 Rd2 25. Ra1 Bb4 26. Nb1 Rc2 27.
Rf1 Nc4 28. Kh3 N6e5 29. a4 Nd3 30. f4 Nf2+ 31. Kh4 Ne3 32. Rxf2 Rxf2 33. h3
Rh2 34. Kg5 Rxh3 35. f5+ Ke5 36. f6 Bf8 37. Ra2 Bh6# {Hossa checkmated} 0-1

[Event "ICS rated blitz match"]
[Site "204.178.125.65"]
[Date "2001.01.06"]
[Round "?"]
[White "LeTiger"]
[Black "Hossa"]
[Result "1-0"]
[WhiteElo "2891"]
[BlackElo "2575"]
[PlyCount "107"]
[EventDate "2001.??.??"]

1. c4 e5 2. Nc3 Nf6 3. Nf3 Nc6 4. g3 g6 5. Bg2 Bg7 6. d4 exd4 7. Nxd4 O-O 8.
Nc2 d6 9. O-O Be6 10. b3 Qd7 11. Bb2 Bh3 12. f3 Bxg2 13. Kxg2 Qd8 14. e3 Nd7
15. Nd4 Nxd4 16. exd4 Re8 17. Qd2 Nf8 18. d5 Nd7 19. Rae1 Rxe1 20. Rxe1 a6 21.
Nd1 Bxb2 22. Nxb2 Qf6 23. Nd1 b5 24. Nf2 bxc4 25. Ng4 Qd8 26. Qd4 Ne5 27. Nxe5
dxe5 28. Qxc4 Qd6 29. Rc1 Rd8 30. Rc2 Rd7 31. Qc6 Qxd5 32. Qxa6 Qd1 33. Qe2 Qd6
34. a4 f5 35. a5 g5 36. Qc4+ Kh8 37. a6 Qb6 38. b4 h5 39. Ra2 c6 40. Qe6 Rg7
41. Qh6+ Kg8 42. Qxg7+ Kxg7 43. a7 g4 44. a8=Q gxf3+ 45. Kh3 Kf7 46. Ra7+ Ke6
47. Qg8+ Kd6 48. Rg7 e4 49. Rg6+ Kc7 50. Qf7+ Kc8 51. Rg7 f2 52. Qxf5+ Kb8 53.
Qf8+ Qd8 54. Qxd8# {Hossa checkmated} 1-0